Mini Hidden Letters #2 - Statistics

General Stats
  • This quiz has been taken 47 times
  • The average score is 4 of 5
Answer Stats
Hint Answer % Correct
Country with capital of Cairo Egypt
100%
Most populous city in the USA New York City
97%
US state with capital of Montgomery Alabama
86%
HIDDEN WORD: BEAN
73%
Another word for Mumbai Bombay
70%
No matching quizzes found
Score Distribution
Percent of People with Each Score
Percentile by Number Answered
Your Score History
You have not taken this quiz